| 000 | 01260naa a22003017a 4500 | ||
|---|---|---|---|
| 001 | BR8200108 | ||
| 003 | BR-BrBNA | ||
| 005 | 20240918175108.0 | ||
| 007 | ta | ||
| 008 | 230509b bl.||||| |||| 00| 0 por d | ||
| 040 |
_aBR-BrBNA _bpor _cBiblioteca Nacional de Agricultura |
||
| 041 | _a(Pt) | ||
| 072 |
_aF00 _b2120 _bG352 |
||
| 090 | _aF00 BR8200108 | ||
| 100 | 1 | _aCarvajal, J.F. | |
| 245 | 1 | _aManejo das plantacoes de cafe na America Central [Coffea arabica; Producao vegetal; Viveiro] | |
| 246 | 1 | _a[Management of coffee plantations in Central America [Coffea arabica; Plant production; Nursery]] | |
| 246 | 1 | _aMineral nutrition and fertilization of coffee | |
| 260 | 3 |
_aPiracicaba, SP (Brasil): _c1980. |
|
| 500 | _aMalavolta, E.; Yamada, T.; Guidolin, J.A. (eds.) Nutricao e adubacao do cafeeiro Piracicaba, SP (Brasil): 1980. p. 195-212 (BR8200108-AM)F00 | ||
| 650 | _aProducao vegetal | ||
| 650 | _aCafe | ||
| 650 | _aPlantio | ||
| 650 | _aAmerica Central | ||
| 773 | 0 |
_tNutricao e adubacao do cafeeiro _aMalavolta, E.; Yamada, T.; Guidolin, J.A. (eds.). Instituto da Potassa e Fosfato, Piracicaba, SP (Brasil) _wF00 BR8200108 _gPiracicaba, SP (Brasil), 1980. p. 195-212 |
|
| 909 |
_a202404 _bLucia _c55 _dLucia Elande |
||
| 942 |
_cAM _2AGRIS |
||
| 999 |
_c314992 _d314992 |
||